<?xml version="1.0" encoding="UTF-8"?>
<collection xmlns="http://www.loc.gov/MARC21/slim">
 <record>
  <leader>00528cam a2200169 7i4500</leader>
  <controlfield tag="001">0000050502</controlfield>
  <controlfield tag="005">20060904090000.0</controlfield>
  <datafield tag="020" ind1="#" ind2="0">
   <subfield code="a">9058094872 </subfield>
  </datafield>
  <datafield tag="020" ind1="#" ind2="0">
   <subfield code="a">9054104872 </subfield>
  </datafield>
  <datafield tag="090" ind1="0" ind2="0">
   <subfield code="a">QE 36 </subfield>
   <subfield code="b">B6</subfield>
  </datafield>
  <datafield tag="100" ind1="1" ind2="#">
   <subfield code="a">Bobrowsky </subfield>
  </datafield>
  <datafield tag="245" ind1="1" ind2="0">
   <subfield code="a">Geoenvironmental mapping : </subfield>
   <subfield code="b">methods, theory, and practice  </subfield>
   <subfield code="c">Peter T. Bobrowsky.</subfield>
  </datafield>
  <datafield tag="260" ind1="#" ind2="#">
   <subfield code="a">New York: </subfield>
   <subfield code="b">Prentice Hall, </subfield>
   <subfield code="c">2005.</subfield>
  </datafield>
  <datafield tag="300" ind1="#" ind2="#">
   <subfield code="a">725 p.: </subfield>
   <subfield code="b">ill. (some col.); </subfield>
   <subfield code="c">25 cm..</subfield>
  </datafield>
  <datafield tag="650" ind1="0" ind2="0">
   <subfield code="a">Environmental mapping </subfield>
  </datafield>
  <datafield tag="650" ind1="0" ind2="0">
   <subfield code="a">Geological mapping </subfield>
  </datafield>
  <datafield tag="999" ind1=" " ind2=" ">
   <subfield code="a">1100042616</subfield>
   <subfield code="b">Book</subfield>
   <subfield code="c">Open Shelf</subfield>
   <subfield code="e">KOLEKSI TERBUKA</subfield>
  </datafield>
 </record>
</collection>
